Phát triển nghề trồng bông ở Việt Nam và vấn đề giống bông

Salvato in:
Dettagli Bibliografici
Autore principale: Vũ Công Hậu
Natura: Libro
Lingua:Undetermined
Pubblicazione: Hà Nội KHKT 1971
Soggetti:
Tags: Aggiungi Tag
Nessun Tag, puoi essere il primo ad aggiungerne! !
Thư viện lưu trữ: Trung tâm Học liệu Trường Đại học Cần Thơ
LEADER 00596nam a2200181Ia 4500
001 CTU_13120
008 210402s9999 xx 000 0 und d
082 |a 633.51 
082 |b H125p 
100 |a Vũ Công Hậu 
245 0 |a Phát triển nghề trồng bông ở Việt Nam và vấn đề giống bông 
245 0 |c Vũ Công Hậu 
260 |a Hà Nội 
260 |b KHKT 
260 |c 1971 
650 |a cotton - planting - vietnam,fiber plants 
904 |i Nguyễn Quang Điền, 961122 
980 |a Trung tâm Học liệu Trường Đại học Cần Thơ